00621nam a2200193Ia 4500008004100000020001400041082001600055100004200071245004500113250000800158260004500166300002600211500001900237600002700256650001500283942000700298952010700305999001500412240925s9999 xx 000 0 und d a132503093 a621.381 CIR aCirovic, Michael .M; Harter ,James H. 0aElectronic Devices, Circuits and Systems a3rd aNew Jersey:bPrintice- Hall Int.c,1979. axv,763p.bNAfPirated aIncludes Index aElectronic Engineering aTechnology cBK 001040708ELaUITUbUITUd2001-03-27eNAl0o621.381 CIRpQ3646r2024-09-25 07:13:13w2024-09-25yBK c6145d6145